<?xml version="1.0" encoding="UTF-8"?>
<record
    xmlns:xsi="http://www.w3.org/2001/XMLSchema-instance"
    xsi:schemaLocation="http://www.loc.gov/MARC21/slim http://www.loc.gov/standards/marcxml/schema/MARC21slim.xsd"
    xmlns="http://www.loc.gov/MARC21/slim">

  <leader>01201nam a2200265Ia 4500</leader>
  <datafield tag="952" ind1=" " ind2=" ">
    <subfield code="0">0</subfield>
    <subfield code="1">0</subfield>
    <subfield code="4">0</subfield>
    <subfield code="7">0</subfield>
    <subfield code="a">04</subfield>
    <subfield code="b">04</subfield>
    <subfield code="d">2013-09-11</subfield>
    <subfield code="l">2</subfield>
    <subfield code="o">LB1028 M6618</subfield>
    <subfield code="p">04 001419</subfield>
    <subfield code="r">2020-02-11</subfield>
    <subfield code="s">2020-02-11</subfield>
    <subfield code="t">1</subfield>
    <subfield code="w">2013-09-11</subfield>
    <subfield code="y">LB</subfield>
  </datafield>
  <datafield tag="999" ind1=" " ind2=" ">
    <subfield code="c">62085</subfield>
    <subfield code="d">62085</subfield>
  </datafield>
  <controlfield tag="008">120625s2011    sp      r     001 0 spa d</controlfield>
  <datafield tag="020" ind1=" " ind2=" ">
    <subfield code="a">9788475094427</subfield>
  </datafield>
  <datafield tag="050" ind1=" " ind2="4">
    <subfield code="a">LB1028 </subfield>
    <subfield code="b">M6618</subfield>
  </datafield>
  <datafield tag="100" ind1="1" ind2=" ">
    <subfield code="a">Woods, Peter </subfield>
    <subfield code="e"> , autor </subfield>
  </datafield>
  <datafield tag="240" ind1="1" ind2="0">
    <subfield code="a">Inside Schools. </subfield>
    <subfield code="l">Espa&#xF1;ol </subfield>
  </datafield>
  <datafield tag="245" ind1="1" ind2="3">
    <subfield code="a">La escuela por dentro </subfield>
    <subfield code="b"> : la etnograf&#xED;a en la investigaci&#xF3;n educativa </subfield>
    <subfield code="c"> / Peter Woods ; traducci&#xF3;n Marco Aurelio Galmarini</subfield>
  </datafield>
  <datafield tag="260" ind1=" " ind2=" ">
    <subfield code="a">Espa&#xF1;a</subfield>
    <subfield code="b"> : Paid&#xF3;s </subfield>
    <subfield code="c"> . 2011</subfield>
  </datafield>
  <datafield tag="300" ind1=" " ind2=" ">
    <subfield code="a">220 p&#xE1;ginas </subfield>
    <subfield code="c"> ; 22 cm. </subfield>
  </datafield>
  <datafield tag="490" ind1="0" ind2=" ">
    <subfield code="a">Temas de Educaci&#xF3;n </subfield>
    <subfield code="v"> ; 2 </subfield>
  </datafield>
  <datafield tag="500" ind1=" " ind2=" ">
    <subfield code="a">T&#xED;tulo original: Inside Schools </subfield>
  </datafield>
  <datafield tag="500" ind1=" " ind2=" ">
    <subfield code="a">1a. edici&#xF3;n 1987
8a. reimpresi&#xF3;n 2011</subfield>
  </datafield>
  <datafield tag="504" ind1=" " ind2=" ">
    <subfield code="a">Bibliograf&#xED;a: pp. 203-213</subfield>
  </datafield>
  <datafield tag="505" ind1="0" ind2=" ">
    <subfield code="a">La etnograf&#xED;a y el maestro 
El comienzo de la investigaci&#xF3;n 
Observaci&#xF3;n 
Entrevistas 
Materiales escritos 
An&#xE1;lisis 
Teor&#xED;a
Redacci&#xF3;n </subfield>
  </datafield>
  <datafield tag="519" ind1=" " ind2=" ">
    <subfield code="a">Plan Flexible / </subfield>
    <subfield code="b">Pedagog&#xED;a / </subfield>
    <subfield code="c">M&#xE9;todos Cualitativos y Cuantitativos en Investigaci&#xF3;n Pedag&#xF3;gica (M03-2) / </subfield>
    <subfield code="d">(04 001419)</subfield>
  </datafield>
  <datafield tag="650" ind1=" " ind2="4">
    <subfield code="a">EDUCACI&#xD3;N </subfield>
    <subfield code="x">INVESTIGACI&#xD3;N </subfield>
  </datafield>
  <datafield tag="650" ind1=" " ind2="4">
    <subfield code="a">OBSERVACI&#xD3;N PARTICIPATIVA </subfield>
  </datafield>
  <datafield tag="650" ind1=" " ind2="4">
    <subfield code="a">INVESTIGACI&#xD3;N </subfield>
    <subfield code="x">ACCI&#xD3;N EN LA EDUCACI&#xD3;N </subfield>
  </datafield>
  <datafield tag="700" ind1="1" ind2=" ">
    <subfield code="a">Galmanari, Marco Aurelio</subfield>
    <subfield code="e"> , traductor </subfield>
  </datafield>
  <datafield tag="942" ind1=" " ind2=" ">
    <subfield code="c">LB</subfield>
  </datafield>
</record>
